01406nab a22002537a 4500999001500000003000400015005001700019008004100036040000700077100002800084245016200112300001500274500003700289505027200326505011900598505010100717650002800818650003700846650003300883650003500916700003200951773015600983942001301139 c6222d6222OSt20260126012102.0190514b xxu||||| |||| 00| 0 spa d cPJ 96944aSoler, Guadalupe 10aCompensación económica como consecuencia del cese de una unión convivencial : bun análisis jurisprudencial /cGuadalupe Soler, Susana M. Squizzato.  ap. 172-179 aCita: TR LALEY AR/DOC/2114/2024. aSumario: I. Introducción.— II. El caso.— III. Compensación económica a partir de una mirada de género: valoración de los recaudos de procedencia.— IV. El quantum de la compensación económica: monto, duración y modalidad.— V. Palabras finales.  tFallo comentado: JCiv. de Personas y Familia Nro. 2, Salta ~ 11/05/2023 ~ P., M. N. c. L., P. A. s/ sumario.  tFallo comentado: CCiv. y Com., Salta, sala II ~ 01/03/2024 ~ P., M. N. c. L., P. A. s/ sumario.  09967aDERECHO DE FAMILIA 095830aCOMPENSACIÓN ECONÓMICA 091053aUNIONES CONVIVENCIALES 091057aJURISPRUDENCIA APLICABLE 96945aSquizzato, Susana M. 0 0284493222dBuenos Aires : AbeledoPerrot, 1989-tDerecho de familia. Revista Interdisciplinaria de doctrina y jurisprudencia. Octubre 2024-V.z18511201 2udccANA